National Assembly Library of Thailand

กติกาข้อตกลงเขตการค้าเสรีกับความเป็นธรรมต่อภาคเกษตรกรรมไทย (ระเบียนเลขที่ 64210)

รายละเอียดในรูปแบบ MARC
000 -LEADER
fixed length control field 01355nam a22002417a 4500
005 - DATE AND TIME OF LATEST TRANSACTION
control field 20240724233249.0
008 - FIXED-LENGTH DATA ELEMENTS--GENERAL INFORMATION
fixed length control field s2554 th tha d
041 ## - LANGUAGE CODE
Language code of text/sound track or separate title tha
050 ## - LIBRARY OF CONGRESS CALL NUMBER
Classification number HD2080.55.Z8 ศ463ก 2554
100 0# - MAIN ENTRY--PERSONAL NAME
Personal name บัณฑูร เศรษฐศิโรตม์
245 10 - TITLE STATEMENT
Title กติกาข้อตกลงเขตการค้าเสรีกับความเป็นธรรมต่อภาคเกษตรกรรมไทย
260 3# - PUBLICATION, DISTRIBUTION, ETC.
Place of publication, distribution, etc. นนทบุรี :
Name of publisher, distributor, etc. มหาวิทยาลัยสุโขทัยธรรมาธิราช,
Date of publication, distribution, etc. 2554
300 ## - PHYSICAL DESCRIPTION
Extent 149 หน้า :
Other physical details ตาราง ;
Dimensions 29 ซม.
650 04 - SUBJECT ADDED ENTRY--TOPICAL TERM
Topical term or geographic name entry element เขตการค้าเสรี -- วิจัย
650 04 - SUBJECT ADDED ENTRY--TOPICAL TERM
Topical term or geographic name entry element ข้อตกลงเขตการค้าเสรี -- ผลกระทบต่อภาคเกษตรกรรม -- วิจัย
650 04 - SUBJECT ADDED ENTRY--TOPICAL TERM
Topical term or geographic name entry element เกษตรกรรม -- ข้อตกลงเขตการค้าเสรี -- วิจัย
650 04 - SUBJECT ADDED ENTRY--TOPICAL TERM
Topical term or geographic name entry element เกษตรกรรม -- วิจัย
850 ## - HOLDING INSTITUTION
Holding institution NALT
942 ## - ADDED ENTRY ELEMENTS (KOHA)
Koha item type Research/Thesis
997 ## -
-- บ24135
997 ## -
-- 000000000064210
998 ## - LOCAL CONTROL INFORMATION (RLIN)
-- นางสาวเบญจลักษณ์ สุทธิวิไล
รายการที่มีในห้องสมุด
Withdrawn status Lost status Damaged status Not for loan Collection code Home library Current library Source of acquisition Total Checkouts Full call number Barcode Date last seen Price effective from Koha item type
        Research & Theses collection National Assembly Library of Thailand National Assembly Library of Thailand บริจาค   ว HD2080.55.Z8 ศ463ก 2554 3961184941 09/06/2017 09/06/2017 Research/Thesis
หอสมุดรัฐสภา
สำนักงานเลขาธิการสภาผู้แทนราษฎร เลขที่ 1111 ถนนสามเสน แขวงถนนนครไชยศรี เขตดุสิต กรุงเทพฯ 10300
The Secretariat of the House of Representatives 1111 Samsen Road, Thanon Nakhon Chai Si, Dusit, Bangkok 10300, THAILAND
โทรศัพท์: +66(0) 2242 5900 ต่อ 5714-5 โทรสาร: +66(0) 2242 5990 อีเมล: [email protected]